000
00233nam a2200097Ia 4500
001
718367
005
20250826163022.0
008
250824s9999 xx 000 0 und d
245
0
_a
SABAH UYKUM
_c
AHMET BATMAN
260
_b
DESTEK YAYINLARI
999
_c
718367
_d
718367